Operating system concepts : (Record no. 7109)
[ view plain ]
| 000 -LEADER | |
|---|---|
| fixed length control field | 00637cam a2200229ua 4500 |
| 008 - FIXED-LENGTH DATA ELEMENTS--GENERAL INFORMATION | |
| fixed length control field | 150103n ii |||gr||||Z||||||eng |
| 020 ## - INTERNATIONAL STANDARD BOOK NUMBER | |
| International Standard Book Number | 9788126520510 |
| 040 ## - CATALOGING SOURCE | |
| Transcribing agency | MAIN |
| 041 ## - LANGUAGE CODE | |
| -- | eng |
| 082 ## - DEWEY DECIMAL CLASSIFICATION NUMBER | |
| Classification number | 005.43 |
| 100 ## - MAIN ENTRY--PERSONAL NAME | |
| Personal name | Silberschatz, A., |
| Relator term | |
| 245 1# - TITLE STATEMENT | |
| Title | Operating system concepts : |
| Remainder of title | International students version / |
| Statement of responsibility, etc. | By Abraham Silberschatz . |
| 250 ## - EDITION STATEMENT | |
| Edition statement | 8th. |
| 260 ## - PUBLICATION, DISTRIBUTION, ETC. | |
| Place of publication, distribution, etc. | New Delhi: |
| Name of publisher, distributor, etc. | Wiley, |
| Date of publication, distribution, etc. | 2014. |
| 300 ## - PHYSICAL DESCRIPTION | |
| Extent | xx,972p. |
| 700 ## - ADDED ENTRY--PERSONAL NAME | |
| Personal name | Galvin, P. B., |
| Relator term | |
| 700 ## - ADDED ENTRY--PERSONAL NAME | |
| Personal name | Gagne, G., |
| Relator term | |
| 942 ## - ADDED ENTRY ELEMENTS (KOHA) | |
| Koha item type | Books |
| 653 ## - INDEX TERM--UNCONTROLLED | |
| Uncontrolled term | Computer programming, programs & data |
| 653 ## - INDEX TERM--UNCONTROLLED | |
| Uncontrolled term | Operating system |
| Withdrawn status | Lost status | Damaged status | Not for loan | Home library | Current library | Shelving location | Date acquired | Total Checkouts | Full call number | Barcode | Date last seen | Date last checked out | Copy number | Price effective from | Koha item type |
|---|---|---|---|---|---|---|---|---|---|---|---|---|---|---|---|
| Naharkatiya College Library | Naharkatiya College Library | General Stacks | 19/09/2020 | 1 | 005.43 | OPE | 22737 | 07/01/2023 | 19/12/2022 | 1 | 19/09/2020 | Books | ||||
| Naharkatiya College Library | Naharkatiya College Library | General Stacks | 19/09/2020 | 1 | 005.43 | OPE | 22738 | 26/07/2022 | 07/06/2022 | 2 | 19/09/2020 | Books |
